« Retourner aux résultats de recherche
Retour sur la question juive
| Auteur principal: | Elisabeth Roudinesco |
|---|---|
| Support: | Livres |
| Langue: | Francais |
| Genre: |
Documentaire |
| Sujets: | |
| Étiquettes: |
Ajouter
Pas de Tags !
|
| LEADER | 00858nam0a2200181 450 | ||
|---|---|---|---|
| 001 | 16848161 | ||
| 010 | |a 978-2-226-18714-7 |b Br. |d 20 | ||
| 100 | |a 20091022d2009 u u0frey01 ba | ||
| 101 | 0 | |a fre | |
| 102 | |a FR | ||
| 200 | 0 | |a Retour sur la question juive |f Elisabeth Roudinesco | |
| 207 | 1 | |a | |
| 215 | |a 320 p. |d 23 x 15 cm | ||
| 330 | |a La question est posée de savoir qui est antisémite et qui ne l'est pas, et comment contribuer à libérer le débat intellectuel des folies qui se disent en son nom sans prendre cette question à bras le corps. Un retour dépassionné, critique et historique sur la question juive, dans l'esprit des Lumières. | ||
| 700 | 0 | |a Roudinesco |b Elisabeth |4 70 | |
| 900 | |a Documentaire | ||
| 901 | |a Accessible au prêt | ||
| 995 | |a Bibliothèque |c Bibliothèque |f 00156007688773 |h 00156007688773 |k 305.8 ROU |o p |q a |r az |e Bibliothèque | ||
